Großstädte Spaniens - Statistiken

Allgemein
  • Dieses Quiz wurde 339 mal gespielt
  • Das Durchschnittsergebnis liegt bei 23 aus 65
Antwortstatistiken
Einwohnerzahl Stadt % Korrekt
1.655.956 Barcelona
100%
3.340.176 Madrid
100%
804.121 València
95%
684.164 Sevilla
93%
345.235 Bilbao
88%
587.068 Málaga
83%
430.640 Palma
81%
683.949 Zaragoza
71%
232.246 Granada
66%
380.863 Las Palmas de Gran Canaria
63%
188.136 Donostia
61%
112.077 Cádiz
60%
104.038 Girona
60%
350.598 Alicante
59%
247.350 A Coruña
58%
467.501 Murcia
58%
324.418 Córdoba
55%
297.129 Valladolid
53%
206.233 Pamplona
52%
172.655 Santander
51%
294.910 Vigo
50%
200.665 Almería
45%
268.948 Gijón
45%
138.326 Tarragona
44%
217.369 Oviedo
43%
238.285 Elche
42%
187.525 Getafe
42%
156.153 Marbella
37%
208.906 Santa Cruz de Tenerife
35%
214.294 Jerez de la Frontera
33%
143.666 Salamanca
33%
121.763 León
32%
142.968 Huelva
31%
224.301 Badalona
30%
174.585 Burgos
30%
111.767 Jaén
30%
173.202 Albacete
25%
150.716 Badajoz
22%
108.535 Reus
22%
190.974 Leganés
20%
225.274 Terrassa
20%
218.196 Cartagena
18%
255.423 Vitoria-Gasteiz
17%
276.617 L'Hospitalet de Llobregat
15%
217.968 Sabadell
15%
138.991 Dos Hermanas
13%
172.845 Alcorcón
12%
189.287 Fuenlabrada
12%
142.990 Lleida
12%
150.206 Logroño
12%
123.943 Algeciras
11%
159.576 La Laguna
11%
103.240 Telde
9%
210.592 Móstoles
8%
104.187 Ourense
8%
198.348 Alcalá de Henares
6%
175.915 Castelló de la Plana
5%
129.613 Mataró
5%
132.842 Parla
4%
119.471 Alcobendas
3%
100.987 Barakaldo
3%
138.197 Torrejón de Ardoz
3%
100.053 Rivas-Vaciamadrid
2%
105.886 Roquetas de Mar
2%
119.195 Santa Coloma de Gramenet
2%
Keine übereinstimmenden Quizze gefunden
Verteilung der Resultate
Anzahl Personen mit jedem Resultat
Perzentil nach korrekt beantworteten Fragen
Ihre Resultats-Entwicklung
Sie haben dieses Quiz noch nicht gespielt